Cesta šamana. Kniha 1., Úkol přežít /
Barliona je virtuálním světem jak se patří. Dobrodružné nebezpečné univerzum ukrývá příšery, monstra a rozehrává intriky, bitvy a všechny tyto komplikované záležitosti v něm ovládají hráči. Čtenář tak během příběhů sleduje postupy do dalších levelů či propady do ztrát. Na dovednostech hráčů bude zál...
Uloženo v:
| Série: | Cesta šamana,
část 1 |
|---|---|
| Hlavní autor: | |
| Další autoři: | |
| Médium: | E-kniha |
| Jazyk: | Czech |
| Vydáno: |
Ostrava :
Fantom Print,
2017
|
| Vydání: | 1. vydání |
| Témata: | |
| Příbuzné jednotky: | Název anglické verze::
Survival quest Z cyklu:: Cesta šamana |
| Tagy: |
Žádné tagy |
| LEADER | 02882cam a2200481 i 4500 | ||
|---|---|---|---|
| 001 | 310823 | ||
| 003 | CZ PrSKC | ||
| 005 | 20260601215655.0 | ||
| 007 | ta | ||
| 008 | 170830s2017 xr g 000 f cze d | ||
| 015 | |a cnb002928560 | ||
| 020 | |a 9788073983888 |q (brožováno) | ||
| 035 | |a (OCoLC)1015192059 | ||
| 040 | |a KLG001 |b cze |d OLA001 |d ABA001 |e rda | ||
| 041 | 1 | |a cze |k eng |h rus | |
| 072 | 7 | |a 821.161.1 |x Ruská literatura, rusky psaná |2 Konspekt | |
| 080 | |a 821.161.1-31 |2 MRF | ||
| 080 | |a (0:82-311.9) |2 MRF | ||
| 100 | 1 | |a Machanenko, Vasilij Michajlovič, |d 1981- |7 xx0216035 |4 aut | |
| 240 | 1 | 0 | |a Načalo puti. |l Česky |
| 245 | 1 | 0 | |a Cesta šamana. |n Kniha 1., |p Úkol přežít / |c V. Mahaněnko ; překlad Martin Kapalka |
| 246 | 3 | 0 | |a Úkol přežít |
| 250 | |a 1. vydání | ||
| 264 | 1 | |a Ostrava : |b Fantom Print, |c 2017 | |
| 300 | |a 303 stran ; |c 21 cm | ||
| 336 | |a text |b txt |2 rdacontent | ||
| 337 | |a bez média |b n |2 rdamedia | ||
| 338 | |a svazek |b nc |2 rdacarrier | ||
| 500 | |a Přeloženo z anglické verze ruského originálu | ||
| 520 | 2 | |a Barliona je virtuálním světem jak se patří. Dobrodružné nebezpečné univerzum ukrývá příšery, monstra a rozehrává intriky, bitvy a všechny tyto komplikované záležitosti v něm ovládají hráči. Čtenář tak během příběhů sleduje postupy do dalších levelů či propady do ztrát. Na dovednostech hráčů bude záležet, aby si hlavní hrdina Mahan, nucený fungovat coby vězeň v nápravné kapsli, odkroužil v Barlioně svůj trest a dostal se k cíli. Fantaskní série Cesta šamana je představitelem nově vzniklého žánru LitRPG aneb Literatura Role Playing Game, ve kterém ruský autor zužitkoval své zkušenosti dlouholetého hráče MMORPG a ve svém románu postoupil k novému způsobu vyprávění. | |
| 520 | 2 | |a Moderní mix sci-fi fantasy příběhu z řady Cesta šamana v sobě kombinuje žánrový příběh s mechanismy online her. Barvitý fantaskní svět Barliony se propojuje se světem hráčů, kteří provázejí hrdinu Mahana na jeho misi přežití. | |
| 655 | 7 | |a ruské romány |7 fd133320 |2 czenas | |
| 655 | 7 | |a vědecko-fantastické romány |7 fd133847 |2 czenas | |
| 655 | 9 | |a Russian fiction |2 eczenas | |
| 655 | 9 | |a science fiction novels |2 eczenas | |
| 700 | 1 | |a Kapalka, Martin, |d 1988- |7 kv2017964132 |4 trl | |
| 765 | 0 | 8 | |i Název anglické verze: |t Survival quest |
| 787 | 0 | 8 | |i Z cyklu: |t Cesta šamana |g 1 |
| 900 | |a ABA001 |b 21 | ||
| 044 | |a xr | ||
| 910 | |a RBIT002 | ||
| 998 | |d 175004 |a https://core.palmknihy.cz/api/books/175004/cover?eta2we |b https://core.palmknihy.cz/api/books/175004/cover/400?qcfh2a |c https://core.palmknihy.cz/api/books/175004/cover/50?lc1nl5 |e 2029-03-01 |g 262 |i 9788073983888 |j https://core.palmknihy.cz/api/books/175004/preview.epub |l |q 49 |r 1 |s https://www.palmknihy.cz/kniha/175004 |t ebook |y 2017 |z 0 |v Cesta šamana |w 1 | ||
| 999 | |d 310821 | ||